| 000 | 01184nam a22003497a 4500 | ||
|---|---|---|---|
| 003 | EG-ScBUE | ||
| 005 | 20220622143136.0 | ||
| 006 | m||||fq||h 00| 0 | ||
| 008 | 110605s2008 enka f 000 d eng d | ||
| 020 | _a9781405882279 | ||
| 040 |
_aEG-ScBUE _beng _erda _cEG-ScBUE _dEG-ScBUE |
||
| 082 | 0 | 4 |
_222 _a822.33 _bSHA |
| 100 | 1 |
_924020 _aShakespeare, William, _d1564-1616, _eauthor. |
|
| 245 | 1 | 4 |
_aThe merchant of Venice / _cWilliam Shakespeare ; retold by Chris Rice. |
| 264 | 1 |
_aHarlow, England : _bPearson Education Limited, _c2008. |
|
| 300 |
_ax, 72 pages : _billustrations ; _c20 cm + _e2 CD |
||
| 336 |
_2rdacontent _atext _btxt |
||
| 336 |
_2rdacontent _asounds _bsnd |
||
| 337 |
_2rdamedia _aunmediated _bn |
||
| 337 |
_2rdamedia _aaudio _bs |
||
| 338 |
_2rdacarrier _avolume _bnc |
||
| 338 |
_2rdacarrier _acomputer disc _bcd |
||
| 490 | 0 |
_aPenguin readers ; _vlevel 4 |
|
| 521 | _aB1 : Intermediate | ||
| 650 | 7 |
_aJews _zItaly _vDrama. _2BUEsh |
|
| 650 | 7 |
_aMoneylenders _vDrama. _2BUEsh |
|
| 651 | 7 |
_aVenice (Italy) _vDrama. _2BUEsh |
|
| 653 |
_cJune2011 _bHHUUEENN |
||
| 655 |
_vReading book _934232 |
||
| 700 | 1 |
_924045 _aRice, Chris, _econtributor. |
|
| 942 |
_2ddc _cBB |
||
| 999 |
_c15531 _d15531 |
||